Countries with "ba" - Statistics

General Stats
  • This quiz has been taken 53 times
  • The average score is 7 of 12
Answer Stats
Answer % Correct
Bahamas
87%
Barbados
85%
Bahrain
80%
Bangladesh
72%
Azerbaijan
61%
Albania
52%
Cuba
52%
Zimbabwe
48%
Antigua and Barbuda
46%
Lebanon
39%
Kiribati
30%
Trinidad and Tobago
28%
No matching quizzes found
Score Distribution
Percent of People with Each Score
Percentile by Number Answered
Your Score History
You have not taken this quiz